| 000 | 00844cab a2200253 4500 | ||
|---|---|---|---|
| 001 | WB3319-20 | ||
| 008 | 090401t1997 xxu||||| |||| 00| 0 eng d | ||
| 035 | _a(Sirsi) u78366 | ||
| 041 | _aeng | ||
| 245 | _aCompulsory purchase laws unjust | ||
| 260 | _c1997 | ||
| 350 | _a0 | ||
| 490 |
_aWestern Mail _vCountry & Farming 14 May 1997, 2(1) |
||
| 520 | _aThe CLA calls for compulsory purchase powers to sufficiently pay for the blight suffered by property owners and businesses affected by public projects. | ||
| 650 | _aBLIGHT | ||
| 650 | _aCLA | ||
| 650 | _aCOMPENSATION | ||
| 650 |
_aCompulsory purchase _96228 |
||
| 650 | _aCOUNTRY LANDOWNERS ASSOCIATION | ||
| 650 | _aREFORM | ||
| 690 | _aENVIRONMENTAL AND LAND CONSULTANCY-PLANNING AND DEVELOPMENT-COMPULSORY PURCHASE AND COMPENSATION | ||
| 942 | _n0 | ||
| 948 | _c15/05/1997 | ||
| 999 |
_c49321 _d49321 |
||